Derecho administrativo (Registro nro. 6635)
[ vista simple ]
| 000 -LEADER | |
|---|---|
| fixed length control field | 01706 a2200229 4500 |
| 001 - CONTROL NUMBER | |
| control field | 59278 |
| 005 - DATE AND TIME OF LATEST TRANSACTION | |
| control field | 20260407155847.0 |
| 008 - FIXED-LENGTH DATA ELEMENTS--GENERAL INFORMATION | |
| fixed length control field | 260407a2018 arg spa d |
| 003 - CONTROL NUMBER IDENTIFIER | |
| control field | AR-UNSa-BCEJYS |
| 040 ## - CATALOGING SOURCE | |
| Original cataloging agency | AR-UNSa-BCEJYS |
| Language of cataloging | spa |
| Transcribing agency | AR-UNSa-BCEJYS |
| 080 ## - UNIVERSAL DECIMAL CLASSIFICATION NUMBER | |
| Universal Decimal Classification number | 342.9 |
| Common auxiliary subdivision | Derecho Administrativo |
| 020 ## - INTERNATIONAL STANDARD BOOK NUMBER | |
| International Standard Book Number | 978-987-706-238-0 |
| 041 ## - LANGUAGE CODE | |
| Language code of text/sound track or separate title | spa |
| 100 1# - MAIN ENTRY--PERSONAL NAME | |
| Personal name | Barra, Rodolfo Carlos |
| 245 10 - TITLE STATEMENT | |
| Title | Derecho administrativo |
| Name of part/section of a work | acto administrativo y reglamentos |
| 264 #1 - PRODUCTION, PUBLICATION, DISTRIBUTION, MANUFACTURE, AND COPYRIGHT NOTICE | |
| Place of production, publication, distribution, manufacture | Buenos Aires : |
| Name of producer, publisher, distributor, manufacturer | Astrea |
| Date of production, publication, distribution, manufacture, or copyright notice | 2018 |
| 300 ## - PHYSICAL DESCRIPTION | |
| Extent | 2 v.(xvi, 655 ; xv, 600 p.) |
| Dimensions | 23 cm. |
| 505 ## - FORMATTED CONTENTS NOTE | |
| Formatted contents note | Vol. I: 1. Ordenamiento jurídico - 2.Derecho público y derecho privado según la relación de justicia – 3. La regulación administrativa – 4. La relación jurídica administrativa – 5. Actividad jurígena y función jurídica constitucional – 6. Acto administrativo. Aproximación conceptual – 7. Derechos subjetivos e intereses legítimos – 8. Los derechos de incidencia colectiva – 9. Actos jurisdiccionales y actos de aplicación – 10. La discrecionalidad. Acto institucional y acto administrativo discrecional – 11. La discrecionalidad jurídica –Vol. II: 12. Los denominados caracteres del acto administrativo – 13. Los elementos del acto administrativo – 14. Cese del acto administrativo – 15. Vicios del acto administrativo. Nulidad y saneamiento – 16. Los decretos de necesidad y urgencia – 17. Los decretos de legislación delegada – 18. Los decretos ejecutivos presidenciales y los reglamentos administrativos de aplicación |
| 590 ## - LOCAL NOTE (RLIN) | |
| Local note | niveau_biblio:m niveau_hierar:0 |
| 856 41 - ELECTRONIC LOCATION AND ACCESS | |
| Uniform Resource Identifier | <a href="https://www.biblioeco.unsa.edu.ar/pmb/images/libros/L129039.jpg">https://www.biblioeco.unsa.edu.ar/pmb/images/libros/L129039.jpg</a> |
| Link text | Imagen de portada |
| Electronic format type | image/jpeg |
| 942 ## - ADDED ENTRY ELEMENTS (KOHA) | |
| Koha item type | |
| Withdrawn status | Lost status | Damaged status | Not for loan | Home library | Current library | Shelving location | Date acquired | Total checkouts | Full call number | Barcode | Date last seen | Price effective from | Koha item type |
|---|---|---|---|---|---|---|---|---|---|---|---|---|---|
| Biblioteca Prof. Eusebio Cleto del Rey | Biblioteca Prof. Eusebio Cleto del Rey | 07/04/2026 | 342.9 B268d v.1 | L129039 | 07/04/2026 | 07/04/2026 | Libro | ||||||
| Biblioteca Prof. Eusebio Cleto del Rey | Biblioteca Prof. Eusebio Cleto del Rey | 07/04/2026 | 342.9 B268d v.2 | L129040 | 07/04/2026 | 07/04/2026 | Libro |